[Event "2nd Sharjah Masters 2018"]
[Site "Sharjah UAE"]
[Date "2018.04.12"]
[Round "1.30"]
[White "Priyanka, Nutakki"]
[Black "Haddouche, Mohamed"]
[Result "1-0"]
[BlackTitle "GM"]
[WhiteElo "1957"]
[BlackElo "2506"]
[WhiteFideId "25049615"]
[BlackFideId "7900660"]
[EventDate "2018.04.12"]

1. e4 e5 2. Nf3 Nc6 3. Bc4 Bc5 4. c3 Nf6 5. d3 O-O 6. O-O d5 7. exd5 Nxd5 8. Re1
Bg4 9. h3 Bh5 10. g4 Bg6 11. Nxe5 Nxe5 12. Rxe5 c6 13. Bxd5 cxd5 14. Qf3 Re8 15.
Rxd5 Re1+ 16. Kg2 Qb6 17. Bd2 Re6 18. b4 Bd6 19. Na3 Rf6 20. Nc4 Qc7 21. Qe2 Qc6
22. Ne3 Re8 23. c4 Bb8 24. Rh1 b5 25. g5 Rf5 26. Qg4 bxc4 27. Qxc4 Rxg5+ 28. Kf1
Qb7 29. Rg1 Rxd5 30. Nxd5 Qd7 31. Kg2 h6 32. Bf4 Bd6 33. Bxd6 Qxd6 34. Nf4 Kh7
35. Nxg6 fxg6 36. Rc1 Re5 37. h4 Rd5 38. Qe4 a6 39. Rc4 Qd7 40. d4 Qb7 41. f3
Qf7 42. Rc6 a5 43. a3 axb4 44. axb4 Rb5 45. Qb1 Rf5 46. Qe4 Qa2+ 47. Qc2 Qa1 48.
d5 Qe1 49. Qe4 Qd2+ 50. Kg3 h5 51. b5 Qb2 52. Qe8 Rf6 53. Rxf6 gxf6 54. Qe7+ Kh6
55. Qe3+ g5 56. b6 Qb4 57. hxg5+ fxg5 58. Qe6+ Kg7 59. Qe5+ Kh6 60. Qf6+ Kh7 61.
Qxg5 Qe1+ 62. Kg2 Qe2+ 63. Kg3 Qe1+ 64. Kh2 Qf2+ 65. Qg2 Qh4+ 66. Kg1 Qe1+ 67.
Qf1 Qg3+ 68. Kh1 Qh4+ 69. Kg2 Qg5+ 70. Kf2 Qh4+ 71. Ke3 Qe7+ 72. Kd4 Qb4+ 73.
Qc4 Qxb6+ 74. Ke5 Kg7 75. d6 Qe3+ 76. Qe4 Qc5+ 77. Qd5 Qc3+ 78. Qd4 Qxd4+ 79.
Kxd4 Kf7 80. Ke5 h4 81. Kf4 Ke6 82. Kg4 Kxd6 83. Kxh4 Ke6 84. Kg5 Ke7 85. Kg6
Ke8 86. f4 Ke7 87. f5 Kf8 88. Kf6 Kg8 89. Ke7 1-0

[Event "2nd Sharjah Masters 2018"]
[Site "Sharjah UAE"]
[Date "2018.04.12"]
[Round "1.34"]
[White "Salim, Issa Ali Shamas"]
[Black "Yakubboev, Nodirbek"]
[Result "0-1"]
[WhiteTitle "CM"]
[BlackTitle "IM"]
[WhiteElo "1912"]
[BlackElo "2482"]
[WhiteFideId "22000062"]
[BlackFideId "14203987"]
[EventDate "2018.04.12"]

1. d4 d6 2. c4 e5 3. dxe5 dxe5 4. Qxd8+ Kxd8 5. Nc3 Be6 6. e4 Nd7 7. Be3 Bb4 8.
Rc1 Ngf6 9. f3 c6 10. a3 Bc5 11. Bxc5 Nxc5 12. b4 Nb3 13. Rb1 Nd4 14. Rc1 Ke7
15. Na4 a5 16. Nb6 Ra7 17. b5 Nd7 18. Nxd7 Kxd7 19. Ne2 Nb3 20. Rc3 Nc5 21. Ng3
Rd8 22. Be2 Ke7 23. O-O Rd2 24. Rb1 Ra8 25. bxc6 bxc6 26. Rb6 Kd6 27. Rb1 Kc7
28. Kf2 Rad8 29. Ke1 Ra2 30. Nf1 Na4 31. Rcb3 Rxe2+ 32. Kxe2 Bxc4+ 33. Ke3 Bxb3
34. Rxb3 Rd1 35. Nd2 Rc1 36. Ke2 Nc5 37. Re3 a4 38. g3 Ne6 39. Rd3 Nd4+ 40. Kf2
c5 41. Nf1 c4 42. Re3 Kd6 43. f4 c3 44. Rd3 c2 45. Rc3 Rd1 46. Ne3 c1=Q 47. Nc4+
Ke7 48. Rxc1 Rxc1 49. Nxe5 Rc3 50. Nc6+ Nxc6 0-1

[Event "2nd Sharjah Masters 2018"]
[Site "Sharjah UAE"]
[Date "2018.04.12"]
[Round "1.36"]
[White "Carandang, Roberto"]
[Black "Darini, Pouria"]
[Result "0-1"]
[BlackTitle "GM"]
[WhiteElo "1870"]
[BlackElo "2478"]
[WhiteFideId "5204925"]
[BlackFideId "12502200"]
[EventDate "2018.04.12"]

1. d4 Nf6 2. c4 g6 3. Nc3 d5 4. Nf3 Bg7 5. Bg5 Ne4 6. Bh4 Nxc3 7. bxc3 dxc4 8.
Qa4+ Nd7 9. e3 O-O 10. Qxc4 c5 11. Be2 cxd4 12. exd4 Nb6 13. Qc5 Nd5 14. O-O Be6
15. Ng5 Nf4 16. Bb5 Rc8 17. Qa3 Qd5 18. f3 Qxb5 19. Nxe6 Nxe6 20. Bxe7 Rxc3 21.
Qxc3 Bxd4+ 22. Qxd4 Nxd4 23. Bxf8 Kxf8 24. Rfd1 Ne2+ 25. Kf2 Qb2 26. Ke1 0-1

[Event "2nd Sharjah Masters 2018"]
[Site "Sharjah UAE"]
[Date "2018.04.12"]
[Round "1.37"]
[White "Vignesh, N R"]
[Black "Bommini, Mounika Akshaya"]
[Result "1-0"]
[WhiteTitle "IM"]
[BlackTitle "WFM"]
[WhiteElo "2475"]
[BlackElo "1831"]
[WhiteFideId "25012215"]
[BlackFideId "25019872"]
[EventDate "2018.04.12"]

1. d4 d5 2. c4 c6 3. Nf3 Nf6 4. e3 Bf5 5. Bd3 Bxd3 6. Qxd3 e6 7. Nbd2 Nbd7 8.
O-O Be7 9. Rd1 a5 10. e4 dxe4 11. Nxe4 O-O 12. Bf4 Nxe4 13. Qxe4 Nf6 14. Qe2 h6
15. Rd3 Re8 16. Ne5 Bf8 17. Rad1 Qe7 18. Rg3 Kh8 19. c5 Red8 20. Nc4 Nd5 21. Bc1
b6 22. Ne5 Rdc8 23. cxb6 Rab8 24. Rf3 Nf6 25. Nc4 Nd5 26. Bf4 Nxf4 27. Rxf4 Rb7
28. b3 Qe8 29. Re4 Qd8 30. Re5 Ra8 31. Qf3 Qc8 32. Rxa5 Rxa5 33. Nxa5 Rxb6 34.
Rc1 Qd7 35. Nxc6 f6 36. g3 Ba3 37. Rc4 Bd6 38. d5 e5 39. b4 Ra6 40. Qb3 Qb7 41.
a4 1-0

[Event "2nd Sharjah Masters 2018"]
[Site "Sharjah UAE"]
[Date "2018.04.12"]
[Round "1.38"]
[White "Mohammed, Ahmed Said Al Amri"]
[Black "Grivas, Efstratios"]
[Result "0-1"]
[BlackTitle "GM"]
[WhiteElo "1822"]
[BlackElo "2468"]
[WhiteFideId "22000380"]
[BlackFideId "4200039"]
[EventDate "2018.04.12"]

1. e4 c5 2. Nf3 Nc6 3. Bb5 d6 4. O-O Bd7 5. Nc3 e6 6. Re1 Nf6 7. d4 cxd4 8. Nxd4
Be7 9. Nb3 O-O 10. h3 Qc7 11. a3 a6 12. Bf1 b5 13. Bf4 Ne5 14. Nd4 Rfd8 15. Bg3
Be8 16. f4 Nc4 17. Bxc4 Qxc4 18. Qd3 Rac8 19. Qxc4 Rxc4 20. Bf2 Rdc8 21. Rad1 b4
22. axb4 Rxb4 23. Rb1 a5 24. Na2 Rb7 25. Nc3 Kf8 26. f5 e5 27. Nde2 Rc4 28. b3
Rcb4 29. Nc1 Rc7 30. N1a2 Rb8 31. Bh4 Rbc8 32. Bxf6 Bxf6 33. Re3 Rc6 34. Rd1 Bd8
35. Red3 Bb6+ 36. Kf1 Bd4 37. Ne2 Rxc2 38. R3d2 Bb5 39. Ke1 Be3 40. Rxc2 Rxc2
41. Nac3 Bxe2 42. Nxe2 Rb2 43. Rxd6 Rb1+ 44. Rd1 Rxb3 45. g4 a4 46. Ng3 Bd4 47.
Ne2 a3 48. Nxd4 exd4 49. Ra1 Rxh3 50. Kd2 f6 51. Rb1 a2 52. Rb8+ Ke7 53. Rb7+
Kd6 54. Ra7 Rh1 0-1

[Event "2nd Sharjah Masters 2018"]
[Site "Sharjah UAE"]
[Date "2018.04.13"]
[Round "2.2"]
[White "Kryvoruchko, Yuriy"]
[Black "Iniyan, P"]
[Result "1-0"]
[WhiteTitle "GM"]
[BlackTitle "IM"]
[WhiteElo "2703"]
[BlackElo "2466"]
[WhiteFideId "14109182"]
[BlackFideId "25002767"]
[EventDate "2018.04.12"]

1. d4 Nf6 2. Bf4 g6 3. Nc3 d5 4. e3 Bg7 5. h4 h5 6. Nf3 c6 7. Qd2 Nbd7 8. Ne5
Nxe5 9. Bxe5 O-O 10. O-O-O Bh6 11. f3 Qa5 12. Kb1 Nd7 13. Bf4 Bg7 14. g4 e5 15.
Bg3 hxg4 16. fxg4 Nf6 17. Bxe5 Bxg4 18. Bxf6 Bxf6 19. Be2 Be6 20. Bd3 Kg7 21.
Rdf1 Be7 22. Qh2 Qd8 23. h5 Bd6 24. Qg2 g5 25. e4 Be7 26. e5 f5 27. exf6+ Bxf6
28. Ne4 dxe4 29. Qxe4 Rf7 30. Qxe6 Qxd4 31. Qb3 Qb6 32. Qa3 c5 33. b3 Qb4 34.
Qxb4 cxb4 35. h6+ Kh8 36. Bc4 Rff8 37. Rf5 Rae8 38. Rhf1 Be7 39. Re5 Bd8 40. Rf7
Rg8 41. Bd3 Rgf8 42. Bg6 1-0

[Event "2nd Sharjah Masters 2018"]
[Site "Sharjah UAE"]
[Date "2018.04.13"]
[Round "2.3"]
[White "Chakravarthi Reddy, M"]
[Black "Artemiev, Vladislav"]
[Result "0-1"]
[WhiteTitle "IM"]
[BlackTitle "GM"]
[WhiteElo "2442"]
[BlackElo "2701"]
[WhiteFideId "25009532"]
[BlackFideId "24101605"]
[EventDate "2018.04.12"]

1. d4 Nf6 2. c4 g6 3. g3 Bg7 4. Bg2 d5 5. cxd5 Nxd5 6. Nf3 Nb6 7. O-O Nc6 8. e3
O-O 9. Nc3 Re8 10. Qe2 e5 11. dxe5 Nxe5 12. Rd1 Nxf3+ 13. Bxf3 Qe7 14. Bd2 c6
15. Rac1 Be6 16. Be1 a5 17. e4 f5 18. b3 fxe4 19. Bxe4 Qf7 20. Bd2 a4 21. Be3
axb3 22. Bxb6 bxa2 23. Qb2 Qe7 24. Re1 Bf7 25. f3 Qa3 26. Qxa3 Rxa3 27. Nxa2
Rxa2 28. Rb1 Rd2 29. Red1 Rxd1+ 30. Rxd1 Be6 31. Kf2 Ra8 32. Ke3 Kf7 33. Kf4 Ra4
34. Rd8 Rb4 35. Bc5 Rb5 0-1

[Event "2nd Sharjah Masters 2018"]
[Site "Sharjah UAE"]
[Date "2018.04.13"]
[Round "2.4"]
[White "Naiditsch, Arkadij"]
[Black "Sundararajan, Kidambi"]
[Result "1-0"]
[WhiteTitle "GM"]
[BlackTitle "GM"]
[WhiteElo "2701"]
[BlackElo "2436"]
[WhiteFideId "4650891"]
[BlackFideId "5005370"]
[EventDate "2018.04.12"]

1. d4 Nf6 2. Nf3 e6 3. g3 d5 4. Bg2 b5 5. O-O Nbd7 6. Nbd2 Bb7 7. a4 b4 8. c4 a5
9. cxd5 exd5 10. Nb3 Bd6 11. Bg5 O-O 12. Nfd2 Re8 13. Re1 c5 14. e4 cxd4 15.
exd5 Rxe1+ 16. Qxe1 h6 17. Bxf6 Nxf6 18. Nc4 Bxd5 19. Bxd5 Nxd5 20. Rd1 Be7 21.
Rxd4 Bf6 22. Rd2 Qe7 23. Qd1 Qc7 24. Nbxa5 Nb6 25. Nxb6 Qxb6 26. Nc4 Qc6 27. b3
Re8 28. Rd3 h5 29. h4 Qc5 30. Kg2 g6 31. Rd6 Bc3 32. Qf3 Re7 33. Rc6 Qd4 34. a5
Kg7 35. a6 Be1 36. Rd6 Qa1 37. Qd1 Qxd1 38. Rxd1 Bc3 39. Rd6 Re2 40. Rd5 Re7 41.
Nd6 Re2 42. Nb7 Be1 43. Kf1 1-0

[Event "2nd Sharjah Masters 2018"]
[Site "Sharjah UAE"]
[Date "2018.04.13"]
[Round "2.5"]
[White "Eljanov, Pavel"]
[Black "Tahbaz, Arash"]
[Result "1/2-1/2"]
[WhiteTitle "GM"]
[BlackTitle "IM"]
[WhiteElo "2700"]
[BlackElo "2434"]
[WhiteFideId "14102951"]
[BlackFideId "12528846"]
[EventDate "2018.04.12"]

1. e4 c5 2. Nf3 g6 3. c4 Nc6 4. d4 cxd4 5. Nxd4 Nf6 6. Nc3 Nxd4 7. Qxd4 d6 8.
Be2 Bg7 9. Be3 O-O 10. Qd2 Be6 11. O-O Qa5 12. Rab1 Rfc8 13. b3 Ng4 14. Bd4 Bxd4
15. Qxd4 Nf6 16. Rfe1 Qb4 17. Bf1 a6 18. Nd5 Bxd5 19. exd5 Rc7 20. Re3 b5 21.
Rbe1 Raa7 22. h4 bxc4 23. Bxc4 a5 24. a4 Rab7 25. g3 Qc5 26. Qd2 Ng4 27. Re4 Ne5
28. Kg2 Rb4 29. h5 Nxc4 30. bxc4 Rxc4 31. Rxc4 Qxc4 32. Qxa5 gxh5 33. Rxe7 Rxe7
34. Qd8+ Kg7 35. Qxe7 Qxd5+ 36. Kh2 Qd4 37. Qg5+ 1/2-1/2

[Event "2nd Sharjah Masters 2018"]
[Site "Sharjah UAE"]
[Date "2018.04.13"]
[Round "2.6"]
[White "Viani, Antonio Dcunha"]
[Black "Inarkiev, Ernesto"]
[Result "1/2-1/2"]
[WhiteTitle "IM"]
[BlackTitle "GM"]
[WhiteElo "2435"]
[BlackElo "2680"]
[WhiteFideId "5027330"]
[BlackFideId "4162722"]
[EventDate "2018.04.12"]

1. e4 e5 2. Nf3 Nc6 3. Bc4 Nf6 4. d3 Bc5 5. O-O h6 6. c3 d6 7. Nbd2 a5 8. h3 Ba7
9. Re1 O-O 10. Bb3 Nh5 11. Nc4 Qf6 12. Ne3 Nf4 13. Nd5 Nxd5 14. exd5 Ne7 15. d4
exd4 16. Nxd4 a4 17. Bc4 c6 18. dxc6 bxc6 19. Be3 d5 20. Bf1 Bb8 21. Nf3 Qd6 22.
g3 Nf5 23. Bf4 Qc5 24. Qd2 Nxg3 25. Be3 Nxf1 26. Bxc5 Nxd2 27. Nxd2 Bxh3 28.
Bxf8 Kxf8 29. Nf3 Bf4 30. Ne5 a3 31. bxa3 Bd2 32. Re2 Bxc3 33. Rc1 d4 34. Nxc6
Rxa3 35. Re4 d3 36. Rd1 Bf6 37. Rb4 g5 38. Rb3 Rxa2 39. Rbxd3 Bg4 40. Re1 Kg7
41. Nb4 Ra4 42. Nd5 Bb2 43. Rb3 Bd4 44. Rb4 Rxb4 45. Nxb4 Bf3 46. Nc2 Bf6 47.
Ne3 Kg6 48. Nc4 Bd5 49. Nb6 Be6 50. Rd1 h5 51. Nd7 Be7 52. Ne5+ Kf6 53. Nc6 Bc5
54. Rc1 Bd6 55. Nd4 Bd5 56. Rd1 Ke5 57. Nb5 Bc5 58. Rc1 Bb4 59. Nc3 Bf3 60. Re1+
Kf4 61. Re3 h4 62. Ne2+ Kg4 63. Nd4 Bd5 64. Re5 Ba8 65. Re8 Bd5 66. Re5 Bc4 67.
Re4+ Kh5 68. Nf5 Bd3 69. Ng3+ hxg3 70. Rxb4 gxf2+ 71. Kxf2 f5 72. Ra4 Be4 73.
Kg3 f4+ 74. Kf2 Bf5 75. Kf3 Bg4+ 76. Kg2 Bd7 77. Rc4 Kg4 78. Rc5 Be6 79. Kf2 Kh4
80. Re5 Bf7 81. Re4 Kg4 82. Re5 Bg6 83. Rc5 Kh4 84. Rc4 Bf7 85. Ra4 Be6 86. Rb4
Bd5 87. Rd4 Bc6 88. Rc4 Be8 89. Kf3 Bh5+ 90. Kf2 Kg4 91. Rc5 Bf7 92. Ra5 Kh5 93.
Rb5 Be6 94. Ra5 Kg6 95. Kf3 Bb3 96. Ra1 Bc4 97. Rc1 Bb5 98. Rc5 Ba4 99. Rc1 Kf6
100. Kg4 Bb5 101. Rc2 Bd7+ 102. Kf3 Ba4 103. Rc1 Bb3 104. Ra1 Kf5 105. Ra5+ Kg6
106. Ra1 Bd5+ 107. Kg4 Bc4 108. Kf3 Kf6 109. Ra5 Bb3 110. Ra6+ Kf5 111. Ra5+ Kg6
112. Ra1 Bd5+ 113. Kg4 Bc4 114. Kf3 Kf6 115. Ra5 Bb3 116. Ra6+ Kf5 117. Ra5+ Kg6
118. Ra1 Bc4 119. Ra4 Bd5+ 120. Kg4 Be6+ 121. Kf3 Kf5 122. Ra5+ Kf6 123. Ke4 Bc8
124. Rb5 1/2-1/2

[Event "2nd Sharjah Masters 2018"]
[Site "Sharjah UAE"]
[Date "2018.04.13"]
[Round "2.7"]
[White "Kravtsiv, Martyn"]
[Black "Dimakiling, Oliver"]
[Result "1-0"]
[WhiteTitle "GM"]
[BlackTitle "IM"]
[WhiteElo "2680"]
[BlackElo "2412"]
[WhiteFideId "14113147"]
[BlackFideId "5202248"]
[EventDate "2018.04.12"]

1. d4 Nf6 2. Bf4 b6 3. Nf3 Bb7 4. e3 g6 5. Nc3 Bg7 6. Bd3 c5 7. Qe2 O-O 8. h4 d5
9. Qd2 Ne4 10. Bxe4 dxe4 11. Ne5 f6 12. Nc4 Qc8 13. d5 Rd8 14. O-O-O Nc6 15. f3
Ba6 16. Nd6 exd6 17. dxc6 Qxc6 18. fxe4 Bc8 19. h5 gxh5 20. Nd5 Qb7 21. Rxh5 Bg4
22. Rh4 h5 23. Rf1 Qa6 24. Qf2 Qc4 25. Bh6 Rf8 26. Bxg7 Kxg7 27. Rxg4+ hxg4 28.
Qf5 Rf7 29. Rh1 Kg8 30. Qxg4+ 1-0

[Event "2nd Sharjah Masters 2018"]
[Site "Sharjah UAE"]
[Date "2018.04.13"]
[Round "2.8"]
[White "Sindarov, Javokhir"]
[Black "Jones, Gawain C B"]
[Result "1/2-1/2"]
[WhiteTitle "IM"]
[BlackTitle "GM"]
[WhiteElo "2431"]
[BlackElo "2675"]
[WhiteFideId "14205483"]
[BlackFideId "409561"]
[EventDate "2018.04.12"]

1. e4 c5 2. Nc3 Nc6 3. g3 g6 4. Bg2 Bg7 5. d3 Rb8 6. Be3 d6 7. Nge2 b5 8. Qd2
Nd4 9. O-O b4 10. Nd1 h5 11. c3 bxc3 12. bxc3 Nxe2+ 13. Qxe2 h4 14. Rc1 Qa5 15.
c4 Nf6 16. Bd2 Qa6 17. Bc3 e5 18. Ne3 Qa3 19. Ba1 Be6 20. Rc3 Qa4 21. Qc2 Qxc2
22. Nxc2 Nh5 23. Ra3 O-O 24. Bc3 f5 25. exf5 gxf5 26. Bh3 Rf7 27. Ra6 Rb6 28.
Rxb6 axb6 29. Ne3 Bh6 30. Rb1 hxg3 31. Rxb6 Nf4 32. Bf1 gxf2+ 33. Kxf2 Ra7 34.
Rxd6 Rxa2+ 35. Kf3 Bg7 36. h4 Kf7 37. Rc6 Nxd3 38. Rc7+ Kf8 39. Bxd3 e4+ 40.
Bxe4 fxe4+ 41. Kxe4 Bxc3 42. Rxc5 Rh2 43. Rc6 Bd7 44. Rd6 Ke7 45. Rh6 Kf8 46.
Rd6 Ke7 47. Rh6 Bg7 48. Rh5 Bc6+ 49. Kd3 Rh3 50. Kd2 Kf7 51. Rf5+ Ke8 52. Rh5
Be4 53. Rg5 Rh2+ 54. Ke1 Bc3+ 55. Kf1 Bd3+ 56. Kg1 Re2 57. Nf5 Bd2 58. Nd6+ Kf8
59. Rd5 Be3+ 60. Kh1 Rd2 61. Re5 Bf4 62. Re8+ Kg7 63. c5 Be2 64. Re7+ Kg6 65.
Kg2 Bg4+ 66. Kg1 Bf3 67. Nc4 Rc2 68. Ne3 Re2 69. h5+ Kxh5 70. Nf5 Rxe7 71. Nxe7
Be3+ 72. Kh2 Bxc5 73. Nf5 Kg5 74. Ng3 Bb6 75. Kh3 Kf4 76. Nf1 Bc6 77. Nh2 Bc7
78. Nf1 Kf3 79. Nh2+ Kf2 80. Ng4+ Kg1 81. Kh4 Bf4 82. Nf6 Bf3 83. Nh5 Bd2 84.
Nf6 Kg2 85. Nh5 Bd1 86. Nf6 Kf3 87. Kh5 Bc2 88. Kh4 Ba5 89. Kh5 Bd8 90. Ng4 Ba4
91. Ne5+ Ke4 92. Ng6 Be8 93. Kh6 Kf5 94. Nf8 Bf6 95. Nh7 Bd4 96. Nf8 Bf2 97. Nh7
Be3+ 98. Kg7 Bg6 99. Nf8 Bh5 100. Nh7 Bc5 101. Nf8 Bd1 102. Nh7 Bc2 103. Nf8
Bd4+ 104. Kh6 Kf6 105. Nh7+ Kf7 106. Ng5+ Kg8 107. Kh5 Bf5 108. Nf3 Bf6 109. Nh4
Bd7 110. Nf3 Kf7 111. Ng5+ Kg7 112. Nf3 Be7 113. Nh4 Kf6 114. Nf3 Bd6 115. Nh4
Bg3 116. Nf3 Bf4 117. Nh4 Bc1 118. Nf3 Kf5 119. Nh4+ Kf4 120. Kg6 Kg4 121. Ng2
Bd2 122. Kf6 Bc6 1/2-1/2

[Event "2nd Sharjah Masters 2018"]
[Site "Sharjah UAE"]
[Date "2018.04.13"]
[Round "2.9"]
[White "Rajdeep, Sarkar"]
[Black "Adhiban, Baskaran"]
[Result "1/2-1/2"]
[WhiteTitle "FM"]
[BlackTitle "GM"]
[WhiteElo "2393"]
[BlackElo "2661"]
[WhiteFideId "25007963"]
[BlackFideId "5018471"]
[EventDate "2018.04.12"]

1. d4 d5 2. Nf3 Nf6 3. g3 c5 4. Bg2 cxd4 5. O-O g6 6. Nxd4 Bg7 7. c4 O-O 8. cxd5
Nxd5 9. Nb5 a6 10. N1c3 axb5 11. Nxd5 Nc6 12. Bg5 Be6 13. Qd2 Bxd5 14. Bxd5 h6
15. Be3 e6 16. Bb3 Qxd2 17. Bxd2 Rfd8 18. Bc3 Bxc3 19. bxc3 Rd2 20. Rfe1 Na5 21.
Kf1 Rc8 22. Rec1 Nxb3 23. axb3 Rb2 24. b4 Kf8 25. Ra5 Rxb4 26. cxb4 Rxc1+ 27.
Kg2 Rc6 28. Rxb5 b6 29. Re5 Rc4 30. Rb5 Rc6 31. Re5 Ke7 32. Re4 Rc3 33. Rd4 b5
34. f4 f6 35. Kf2 Rb3 36. h4 h5 37. e3 Rb2+ 38. Kf3 Rc2 39. Ke4 f5+ 40. Kf3 Rb2
41. e4 Rb3+ 42. Kf2 Rc3 43. e5 Rb3 44. Kg2 Re3 45. Kf2 Rc3 46. Kg2 Rc2+ 47. Kf3
Rc3+ 48. Kg2 Rc2+ 49. Kf3 Rc3+ 1/2-1/2

[Event "2nd Sharjah Masters 2018"]
[Site "Sharjah UAE"]
[Date "2018.04.13"]
[Round "2.10"]
[White "Safarli, Eltaj"]
[Black "Pranav, V"]
[Result "1-0"]
[WhiteTitle "GM"]
[WhiteElo "2653"]
[BlackElo "2366"]
[WhiteFideId "13402129"]
[BlackFideId "25060783"]
[EventDate "2018.04.12"]

1. e4 e5 2. Nf3 Nc6 3. Bb5 a6 4. Ba4 d6 5. O-O Bd7 6. d4 b5 7. Bb3 Nxd4 8. Nxd4
exd4 9. c3 dxc3 10. Qh5 Qf6 11. Nxc3 c6 12. Re1 Be7 13. e5 dxe5 14. Rxe5 O-O-O
15. Ne4 Qg6 16. Qf3 f5 17. Nc5 Bxc5 18. Rxc5 Qd6 19. Be3 Nf6 20. Rd1 Qe7 21.
Rxc6+ Bxc6 22. Qxc6+ Kb8 23. Qb6+ Kc8 24. Rc1+ Kd7 25. Qc6# 1-0

[Event "2nd Sharjah Masters 2018"]
[Site "Sharjah UAE"]
[Date "2018.04.13"]
[Round "2.11"]
[White "Sidhant, Mohapatra"]
[Black "Grandelius, Nils"]
[Result "1/2-1/2"]
[WhiteTitle "IM"]
[BlackTitle "GM"]
[WhiteElo "2382"]
[BlackElo "2652"]
[WhiteFideId "5028698"]
[BlackFideId "1710400"]
[EventDate "2018.04.12"]

1. e4 e5 2. Nf3 Nc6 3. Bb5 a6 4. Ba4 Nf6 5. O-O Be7 6. Re1 b5 7. Bb3 d6 8. a4
Bg4 9. c3 O-O 10. h3 Bxf3 11. Qxf3 Na5 12. Bc2 b4 13. d4 c5 14. d5 Nd7 15. Nd2
Bg5 16. Qg4 Rb8 17. Bd3 bxc3 18. bxc3 Bxd2 19. Bxd2 Nf6 20. Qe2 Nb3 21. Ra2 Nxd2
22. Rxd2 Qa5 23. Bxa6 Nxe4 24. Qxe4 Qxa6 25. f4 exf4 26. Rf2 Qa8 27. Qxf4 Qxd5
28. Rd2 Qb3 29. Re3 d5 30. Qe5 Rbd8 31. a5 d4 32. Rg3 g6 33. Qxc5 Qb8 34. Kh2
dxc3 35. Qxc3 Rxd2 36. Qxd2 h5 37. Qd4 Re8 38. a6 Re7 39. Kg1 Qb1+ 40. Kh2 Qb8
41. Kg1 Qb1+ 42. Kh2 Qb8 1/2-1/2

[Event "2nd Sharjah Masters 2018"]
[Site "Sharjah UAE"]
[Date "2018.04.13"]
[Round "2.12"]
[White "Sadhwani, Raunak"]
[Black "Kovalev, Vladislav"]
[Result "0-1"]
[WhiteTitle "FM"]
[BlackTitle "GM"]
[WhiteElo "2358"]
[BlackElo "2648"]
[WhiteFideId "35093487"]
[BlackFideId "13504398"]
[EventDate "2018.04.12"]

1. e4 e5 2. Nf3 Nc6 3. Bb5 a6 4. Ba4 Nf6 5. O-O Be7 6. Re1 b5 7. Bb3 d6 8. c3
O-O 9. h3 Na5 10. Bc2 c5 11. d4 Nd7 12. d5 Nb6 13. Nbd2 g6 14. Nf1 f5 15. Bh6
Rf6 16. b3 Bd7 17. Qe2 c4 18. b4 Nb7 19. a3 a5 20. Rec1 Qc7 21. Bg5 Rf7 22. Bxe7
Rxe7 23. exf5 gxf5 24. Nh4 f4 25. Be4 Rg7 26. Kh2 Qd8 27. Nf5 Bxf5 28. Bxf5 Kh8
29. Be6 Qg5 30. Qe4 Nd8 31. Bg4 Nf7 32. Nd2 Qh4 33. Qe2 Rag8 34. Bf3 Ng5 35. Rg1
Na4 36. Rac1 Nxh3 37. gxh3 Nxc3 38. Rxc3 Rxg1 39. Ne4 axb4 40. axb4 Qe7 41. Ra3
h5 42. Bh1 Qh7 43. Qf3 Qg6 44. Nxd6 Rxh1+ 45. Qxh1 Qxd6 46. Qe4 Qe7 47. Ra1 c3
48. Qf5 Qg5 49. Qxg5 Rxg5 50. d6 Rg8 51. Rc1 Rd8 52. Rxc3 Kg7 53. Rc6 Kf7 54.
Rb6 Ke6 55. d7+ Kxd7 56. Rxb5 Ke6 57. Kg2 Kf5 58. Rb7 Ke4 59. Rc7 Rg8+ 60. Kf1
Rb8 61. Rc4+ Kd3 62. Rc5 Kd4 63. Rc7 Rxb4 64. Kg2 e4 65. Rd7+ Kc3 66. Rf7 f3+
67. Kg3 Kd3 68. h4 Rb1 69. Rd7+ Ke2 70. Re7 Rg1+ 71. Kh2 Rg4 0-1

[Event "2nd Sharjah Masters 2018"]
[Site "Sharjah UAE"]
[Date "2018.04.13"]
[Round "2.13"]
[White "Kowsarinia, Amir"]
[Black "Sethuraman, S.P."]
[Result "0-1"]
[WhiteTitle "FM"]
[BlackTitle "GM"]
[WhiteElo "2316"]
[BlackElo "2631"]
[WhiteFideId "12500089"]
[BlackFideId "5021596"]
[EventDate "2018.04.12"]

1. d4 d6 2. Nf3 Nf6 3. g3 g6 4. Bg2 Bg7 5. O-O O-O 6. c4 Nbd7 7. Nc3 e5 8. e4
exd4 9. Nxd4 Re8 10. b3 Nc5 11. f3 a5 12. Be3 c6 13. Qd2 a4 14. Rad1 Qa5 15. Rb1
axb3 16. axb3 Qc7 17. Rfd1 Nfd7 18. Nde2 Ra3 19. b4 Na4 20. Nxa4 Rxa4 21. Qc2
Ra3 22. Qc1 Ra8 23. Kh1 Ne5 24. f4 Ng4 25. Bg1 f5 26. Nc3 Nf6 27. c5 fxe4 28.
Rxd6 Bf5 29. Be3 Qf7 30. h3 h5 31. Qd2 Ra3 32. Rc1 Rb3 33. b5 cxb5 34. Bf1 b4
35. Nb5 Rd3 36. Rxd3 exd3 37. Nd6 Ne4 38. Nxf7 Nxd2 39. Bxd2 Kxf7 40. Bxb4 Be4+
41. Bg2 Bc6 42. Re1 Rxe1+ 43. Bxe1 Bd4 44. Bxc6 bxc6 45. Kg2 Be3 46. Kf3 d2 0-1

[Event "2nd Sharjah Masters 2018"]
[Site "Sharjah UAE"]
[Date "2018.04.13"]
[Round "2.14"]
[White "Adly, Ahmed"]
[Black "Assaubayeva, Bibisara"]
[Result "1/2-1/2"]
[WhiteTitle "GM"]
[BlackTitle "FM"]
[WhiteElo "2626"]
[BlackElo "2359"]
[WhiteFideId "10601619"]
[BlackFideId "13708694"]
[EventDate "2018.04.12"]

1. Nf3 Nf6 2. g3 g6 3. Bg2 Bg7 4. O-O O-O 5. d4 d6 6. b3 c5 7. Bb2 cxd4 8. Nxd4
d5 9. Na3 Nc6 10. c4 Nxd4 11. Bxd4 Qa5 12. Qc1 Be6 13. Qb2 Rac8 14. b4 Qd8 15.
cxd5 Bxd5 16. e4 Be6 17. Rfd1 Qe8 18. e5 Nd5 19. Bxa7 Nc3 20. Re1 Qd7 21. Rac1
Nxa2 22. Rcd1 Qa4 23. Bc5 Rfe8 24. Bxb7 Rb8 25. Be4 Rec8 26. Bc2 Qe8 27. Qd4 Rd8
28. Qh4 Rxd1 29. Bxd1 Qd7 30. Qf4 Qd3 31. Nc2 Nc3 32. Ne3 Qd2 33. Rf1 Qb2 34.
Ng4 Nd5 35. Qe4 h5 36. Ne3 Nxb4 37. f4 Bh3 38. Ng2 Nd3 39. Be3 Rb4 40. Qf3 Bxg2
41. Qxg2 Qxg2+ 42. Kxg2 Rb2+ 43. Kg1 e6 44. Ba4 Re2 45. Bb6 Rb2 46. Bc7 Bf8 47.
Bd6 Rb6 48. Bc2 Nb4 49. Rb1 Nd5 50. Rxb6 Nxb6 51. Bd3 Nc8 52. Bc7 Bc5+ 53. Kg2
Bb6 54. Bb8 Ba7 55. Bd6 Nxd6 56. exd6 Bb8 57. d7 Bc7 58. Kf3 Kf8 59. Bb5 Ke7 60.
h3 e5 61. Ke4 exf4 62. gxf4 f5+ 63. Ke3 h4 64. Kf3 Kd8 1/2-1/2

[Event "2nd Sharjah Masters 2018"]
[Site "Sharjah UAE"]
[Date "2018.04.13"]
[Round "2.15"]
[White "Iturrizaga Bonelli, Eduardo"]
[Black "Soumya, Swaminathan"]
[Result "1-0"]
[WhiteTitle "GM"]
[BlackTitle "WGM"]
[WhiteElo "2624"]
[BlackElo "2354"]
[WhiteFideId "3901211"]
[BlackFideId "5016193"]
[EventDate "2018.04.12"]

1. c4 c5 2. g3 g6 3. Bg2 Bg7 4. Nc3 Nc6 5. Nf3 e6 6. h4 h5 7. d3 Nge7 8. Bg5 d5
9. O-O O-O 10. a3 b6 11. cxd5 exd5 12. Nxd5 Qxd5 13. Bxe7 Re8 14. Bg5 Bb7 15.
Rb1 Nd4 16. e4 Qd7 17. b4 Ba6 18. bxc5 Nxf3+ 19. Qxf3 Qxd3 20. cxb6 axb6 21.
Rfd1 Qxf3 22. Bxf3 Bc4 23. Rxb6 Rxa3 24. Kg2 Be6 25. Be2 Rc8 26. Rdd6 Kh7 27.
Bd1 Bc4 28. Rb7 Re8 29. Bc2 Ra2 30. Bd3 Be6 31. Rxe6 Rxe6 32. Bc4 Rb2 33. Rxf7
Rc6 34. Bd5 Rcb6 35. e5 Re2 36. Bf6 1-0